Word Ladder: World Wide Web Creator Quiz Stats

 Plays Quiz Updated Jan 11, 2019

     
Support Sporcle.
Go Orange.
Score 0/18 Timer 02:00
0 Plays Today
Clue _ _ _ _ _ _ % Correct
★ What a lumberjack might shout ★★ TIMBER ★
93.1%
Agile, like a gymnastLIMBER
89.1%
Abstained from eatingFASTED
88.6%
Comparison often made with a speeding bulletFASTER
87.4%
Stood the test of timeLASTED
87.2%
The opposite of formerLATTER
86.9%
In the phone bookLISTED
86.6%
Walked with difficultyLIMPED
86.5%
What mind is known to win overMATTER
86.3%
Clue _ _ _ _ _ _ % Correct
You'd guess one on Wheel of FortuneLETTER
85.3%
Had trouble pronouncing 'scissors'?LISPED
84.6%
Become an expert inMASTER
84%
Less firm, or someone with a sprained ankleLIMPER
83.5%
Reach an agreement out of courtSETTLE
81.7%
An English or Irish hunting dogSETTER
81.2%
Medium-sized sofaSETTEE
75.4%
★ Manufacturer of Smarties and Kit Kat ★★ NESTLÉ ★
74.6%
Plant with stinging leavesNETTLE
72.7%

Today's Daily Dose

From the Vault

Words, Inc.

by slipkid

If words can be corporations, does that mean that words are people too?
Remove Ads.
Support Sporcle.
Get the best of Sporcle when you Go Orange. This ad-free experience offers more features, more stats, and more fun while also helping to support Sporcle. Thank you for becoming a member.

Show Comments

Extras

Top Quizzes Today


Score Distribution

Your Account Isn't Verified!

In order to create a playlist on Sporcle, you need to verify the email address you used during registration. Go to your Sporcle Settings to finish the process.

Report this User

Report this user for behavior that violates our Community Guidelines.

Details: